000 00588cab a2200205 4500
001 L130951
008 050920n2005 000 0 eng u
035 _a(Sirsi) u130951
041 0 _aeng
100 1 _aJansen, Mark
245 0 4 _aThe power list
260 _c2005
490 0 _aProperty Week
_v70(36) 9 September 2005, 56-62(7)
520 _aThe results of a poll into the 50 most influential professional and legal figures in the property industry.
590 _aIKA270905
690 _aPROPERTY
700 1 _aShepherd, Mark
700 1 _aNeil-Gallacher, Ettie
942 _n0
999 _c75895
_d75895